000 00222nam a2200097Ia 4500
008 230915s9999 xx 000 0 und d
050 _aKF 801.D89 2009 C.1
100 _aDuxBury,Robert
245 0 _aNutshells
942 _cBK
999 _c163817
_d163817